|
|
|
|
| LEADER |
00904nab#a2200325#ar4500 |
| 001 |
000072941 |
| 003 |
SVKKK |
| 005 |
20030512xxxxxxx. |
| 008 |
06 c xo huno |
| FMT |
|
|
|
| 038 |
|
|
|a SVKKK
|
| 040 |
|
|
|a SVKKK
|b slo
|e AACR2
|
| 041 |
0 |
|
|a hun
|
| 044 |
|
|
|a xo
|c SK
|
| 080 |
|
|
|a 894.511(437.6)-1
|
| 100 |
1 |
|
|a Várossy, Michal
|4 aut
|
| 242 |
1 |
0 |
|a Ajtak Ťa zhltne hĺbka hrobu
|
| 245 |
1 |
0 |
|a Ugyis elnyel a sir szája
|c Michal Várossy
|
| 500 |
|
|
|a Mihály
|
| 500 |
|
|
|a mikrofilm
|
| 520 |
2 |
|
|a Báseň [z pera bývalého učiteľa meštianskej školy v Humennom].
|
| 650 |
0 |
4 |
|a básne - literatúra maďarská - texty
|
| 773 |
0 |
|
|t Felvidéki Hirlap : Közgazdasági, társadalmi és szépirodalmi hetilap
|g Roč. 1, č. 26 (06.09.1908) s. 3
|
| 957 |
|
|
|a Humenné
|
| 958 |
|
|
|a DG
|
| 958 |
|
|
|a SK
|
| 974 |
|
|
|a Ba
|d 20030512
|
| 992 |
|
|
|a RBX
|
| BAS |
|
|
|
| 998 |
|
|
|a RETRO
|